Art of advertising / (Record no. 26187)

MARC details
000 -LEADER
fixed length control field 00901nam a22002537a 4500
005 - DATE AND TIME OF LATEST TRANSACTION
control field 2009050802492.0
008 - FIXED-LENGTH DATA ELEMENTS--GENERAL INFORMATION
fixed length control field 090508t xxu||||| |||| 00| 0 eng d
010 ## - LCCN (DPL NO)
LC control number ENG-93483
020 ## - INTERNATIONAL STANDARD BOOK NUMBER
International Standard Book Number 9788183822053
Terms of availability 125.00
035 ## - SYSTEM CONTROL NUMBER
System control number EN-77016
037 ## - SOURCE OF ACQUISITION
Source of stock number/acquisition DBAD / PUB
040 ## - CATALOGING SOURCE
Original cataloging agency dpl
Language of cataloging English
082 ## - DEWEY DECIMAL CLASSIFICATION NUMBER
Classification number 659.1
100 ## - MAIN ENTRY--PERSONAL NAME
Personal name Mahapatra, Arun
245 ## - TITLE STATEMENT
Title Art of advertising /
Statement of responsibility, etc by Arun Mahapatra
260 ## - PUBLICATION, DISTRIBUTION, ETC. (IMPRINT)
Place of publication, distribution, etc New Delhi
Name of publisher, distributor, etc Lotus Press
Date of publication, distribution, etc 2009
270 ## - ADDRESS
Address 4263/3, Ansari Road, Darya Ganj,
City New Delhi
Postal code 110002
300 ## - PHYSICAL DESCRIPTION
Extent vi, 164p.
Dimensions 22cm (pbk)
490 ## - SERIES STATEMENT
Series statement Books on management
500 ## - GENERAL NOTE
General note Includes bibliographical references
650 ## - SUBJECT ADDED ENTRY--TOPICAL TERM
Topical term or geographic name as entry element Advertising.
942 ## - ADDED ENTRY ELEMENTS (KOHA)
Source of classification or shelving scheme Dewey Decimal Classification
Item type English Books
Call number suffix MAH
Classification part 659.1
Holdings
Withdrawn status Lost status Source of classification or shelving scheme Damaged status Not for loan Collection code Home library Current library Date acquired Source of acquisition Cost, normal purchase price Total Checkouts Full call number Barcode Date last seen Copy number Cost, replacement price Koha item type
    Dewey Decimal Classification   Not For Loan Non-fiction D.B.Act.Division D.B.Act.Division 08/05/2009 DBAD / PUB 125.00   659.1 MAH EN-77016 08/05/2009 1 125.00 English Books

© Delhi Public Library
Hit Counter
free hit counter